000 00481nam a2200205Ia 4500
003 OSt
005 20221006151405.0
006 a|||||r|||| 00| 0
007 ta
008 221006b |||||||| |||| 00| 0 eng d
024 _a21,936
037 _cTextual
040 _aEASL
_cEASL
_beng
041 _2eng
_aeng
245 0 _aInternational dictionary English through English
260 _c1967
300 _a1811p.
_ccm.
942 _cTEXL
_2CC
999 _c1090022
_d1090022